000 01116nam a2200313 a 4500
001 000044650
003 DO-SdBPM
005 20260116131204.0
007 ta
008 141211s2014 dr 000 0 spa d
020 _a9789945891218
040 _aDO-SdBPM
_bspa
_cBPMSU
_drda
082 4 _a465
_bR789L 2014
_222
100 1 _aRosario Candelier, Bruno,
_d1941-
_4aut.
_eautor
245 1 3 _aEl lenguaje del buen decir :
_bconsultas y entrevistas lingüísticas y literarias /
_cBruno Rosario Candelier.
264 _aSanto Domingo :
_bAcademia Dominicana de la Lengua,
_c2014.
300 _a341 páginas ;
_c23 cm.
336 _atexto
_btxt
_2rdacontent
337 _asin mediación
_bn
_2rdamedia
338 _avolumen
_bnc
_2rdacarrier
490 0 _aEstudios Lingüísticos,
_v7
505 0 _aPresentación, vii.-- Correspondencia, 1.-- Sobre el Diccionario del español dominicano, 181.-- Entrevistas,
590 _aInventariado, 2026/VM
650 7 _aEspañol
650 7 _a Lingüística
710 2 _aAcademia Dominicana de la Lengua
910 _aVMateo V. Control de calidad. BPMSU
942 _2ddc
_cBK
999 _c15604
_d15604